Normal view
MARC view
- Kunhan pillai , Sooranatt
Entry Personal Name
001 - CONTROL NUMBER
- control field: 5988
003 - CONTROL NUMBER IDENTIFIER
- control field: OSt
005 - DATE AND TIME OF LATEST TRANSACTION
- control field: 20240213150158.0
008 - FIXED-LENGTH DATA ELEMENTS
- fixed length control field: 240213|| aca||aabn | a|a d
040 ## - CATALOGING SOURCE
- Original cataloging agency: OSt
- Transcribing agency: OSt
100 ## - HEADING--PERSONAL NAME
- Personal name: Kunhan pillai , Sooranatt
670 ## - SOURCE DATA FOUND
- Source citation: Work cat.: (OSt)76: Kunhan pillai , Sooranatt ., Sahitya praveshika , 1965.
